| 000 | 01289cam a22003614a 4500 | ||
|---|---|---|---|
| 001 | 16835509 | ||
| 005 | 20250610113314.0 | ||
| 008 | 110620s2012 enka b 001 0 eng | ||
| 010 | _a 2011026311 | ||
| 016 | 7 | _2Uk | |
| 020 | _a9780199315857 (Paperback) | ||
| 035 | _a(OCoLC)ocn730413891 | ||
| 040 |
_aDLC _cDLC _dBTCTA _dYDXCP _dAFQ _dUKMGB _dBDX _dCLU _dDLC |
||
| 042 | _apcc | ||
| 043 | _an-us--- | ||
| 050 | 0 | 0 |
_aU21.2 _b.D75 2012 |
| 082 | 0 | 0 |
_a355.020973 _223 |
| 100 | 1 |
_aDudziak, Mary L., _d1956- |
|
| 245 | 1 | 0 |
_aWar time : _ban idea, its history, its consequences / _cMary L. Dudziak. |
| 246 | 3 | _aWartime, an idea, its history, its consequences | |
| 260 |
_aOxford ; _aNew York : _bOxford University Press, _cc2012. |
||
| 300 |
_a221 p. : _bill. ; _c22 cm. |
||
| 365 | _bRs. 2835.00 | ||
| 504 | _aIncludes bibliographical references (p. [161]-209) and index. | ||
| 505 | 0 | _aWhat time is it? -- When was World War II? -- What kind of war was the Cold War? -- What is a War on Terror? | |
| 650 | 0 | _aWar. | |
| 650 | 0 | _aWar (Philosophy) | |
| 650 | 0 |
_aTime _xPhilosophy. |
|
| 650 | 0 |
_aTime _xSocial aspects _zUnited States. |
|
| 651 | 0 |
_aUnited States _xHistory, Military _y21st century. |
|
| 651 | 0 |
_aUnited States _xHistory, Military _y20th century. |
|
| 942 |
_2ddc _cBK |
||
| 999 |
_c213629 _d213629 |
||